| 000 | 00835nam a2200229 a 4500 | ||
|---|---|---|---|
| 001 | BRCA_1647 | ||
| 005 | 20190320203506.0 | ||
| 008 | 920511s1991 mx-a---##b---#000-0#spa-d | ||
| 020 | _a9688244600 | ||
| 040 |
_aDLC _cDLC _dDLC |
||
| 050 | 4 |
_aNA750 _b.A74 1991 |
|
| 245 | 1 | 0 |
_aArquitectura fantástica mexicana _cfotografía Gabriel Figueroa Flores ; investigación Margarita Mansilla y Jorge Huft ; textos Gonzalo Celorio, Jorge Loyzaga, Margarita Mansilla. |
| 260 |
_aMéxico _bIMSS _c[1991]. |
||
| 300 |
_a190 p. _bil. (algunas a color) _c31 cm. |
||
| 504 | _aBibliografía : p. 189-190 | ||
| 650 | 1 | 4 |
_aArquitectura _xTemas, motivos _zMéxico _95140 |
| 700 | 1 |
_aFigueroa Flores, Gabriel _d1952- _95141 |
|
| 700 | 1 |
_aCelorio, Gonzalo _95142 |
|
| 700 | 1 |
_aLoyzaga, Jorge _93263 |
|
| 700 | 1 |
_aMansilla, Margarita _95143 |
|
| 942 |
_2lcc _cB |
||
| 999 |
_c1445 _d1445 |
||